| 000 | 00573nam a2200193Ia 4500 | ||
|---|---|---|---|
| 005 | 20250508151731.0 | ||
| 008 | 008 250505s9999 xx 000 0 eng d | ||
| 037 | _aTextual | ||
| 040 |
_aFEDL _beng _cFEDL |
||
| 041 |
_aeng _2eng |
||
| 084 |
_a370.9931, PAR _qFEDL |
||
| 100 |
_aParkyn G W Ed. _9759851 |
||
| 245 | 0 | _aAdministration of education in New Zealand | |
| 260 |
_aWellington _bNew Zealand Institute of Public Administration _c1954 |
||
| 300 | _a121p. | ||
| 650 | _aEducation | ||
| 942 |
_cTEXL _h370.9931, PAR |
||
| 999 |
_c1331780 _d1331780 |
||